01458nam a2200373Ia 4500001001200000003000800012006001900020007001500039008004100054010001700095015001500112020001500127020002800142040002100170035002100191050003000212082001900242245011300261260004000374300002400414490005800438504005100496533015200547650002300699650003900722650003600761655002900797700001900826700002000845710001700865830005900882856012600941999001701067ebr10081911CaPaEBRm u cr cn|||||||||020917s2003 maua sb 001 0 eng d z 2002027778 aGBA2-U8728 z1580535879 z158053354X (alk. paper) aCaPaEBRcCaPaEBR a(OCoLC)55983394414aTK5103.4885b.W572 2003eb04a621.382/1222100aWireless IP and building the mobile Interneth[electronic resource] /cSudhir Dixit, Ramjee Prasad, editors. aBoston, MA :bArtech House,cc2003. axxv, 645 p. :bill.1 aArtech House universal personal communications series aIncludes bibliographical references and index. aElectronic reproduction.bPalo Alto, Calif. :cebrary,d2009.nAvailable via World Wide Web.nAccess may be limited to ebrary affiliated libraries. 0aWireless Internet. 0aTCP/IP (Computer network protocol) 0aWireless communication systems. 7aElectronic books.2local1 aDixit, Sudhir.1 aPrasad, Ramjee.2 aebrary, Inc. 0aArtech House universal personal communications series.40uhttp://site.ebrary.com/lib/rucke/Doc?id=10081911zAn electronic book accessible through the World Wide Web; click to view c55070d55070